Nghiên cứu các yếu tố ảnh hưởng đến việc lựa chọn thuốc không kê đơn của người dân tại các cơ sở bán lẻ thuốc ở thành phố Cần Thơ : Luận văn Thạc sĩ Kinh tế. Chuyên ngành Quản trị kinh doanh

Phân tích các yếu tố ảnh hưởng đến việc lựa chọn thuốc không kê đơn của người dân tại cơ sở bán lẻ thuốc ở thành phố Cần Thơ, từ đó dựa trên kết quả nghiên cứu giúp cho các cơ sở bán lẻ thuốc đưa ra được những chiến lược phu...

ver descrição completa

Na minha lista:
Detalhes bibliográficos
Autor principal: Lữ, Thiện Phúc
Formato: Livro
Idioma:Undetermined
Publicado em: Cần Thơ Trường Đại học Cần Thơ 2017
Assuntos:
Tags: Adicionar Tag
Sem tags, seja o primeiro a adicionar uma tag!
Thư viện lưu trữ: Trung tâm Học liệu Trường Đại học Cần Thơ
LEADER 01328nam a2200193Ia 4500
001 CTU_224992
008 210402s9999 xx 000 0 und d
082 |a 658.834 
082 |b Ph506 
100 |a Lữ, Thiện Phúc 
245 0 |a Nghiên cứu các yếu tố ảnh hưởng đến việc lựa chọn thuốc không kê đơn của người dân tại các cơ sở bán lẻ thuốc ở thành phố Cần Thơ : 
245 0 |b Luận văn Thạc sĩ Kinh tế. Chuyên ngành Quản trị kinh doanh 
245 0 |c Lữ Thiện Phúc ; Đỗ Văn Xê (Cán bộ hướng dẫn) 
260 |a Cần Thơ 
260 |b Trường Đại học Cần Thơ 
260 |c 2017 
520 |a Phân tích các yếu tố ảnh hưởng đến việc lựa chọn thuốc không kê đơn của người dân tại cơ sở bán lẻ thuốc ở thành phố Cần Thơ, từ đó dựa trên kết quả nghiên cứu giúp cho các cơ sở bán lẻ thuốc đưa ra được những chiến lược phù hợp để thu hút người tiêu dùng. 
650 |a Dịch vụ khách hàng,Customer services 
980 |a Trung tâm Học liệu Trường Đại học Cần Thơ